000 00275nam a22001337a 4500
008 170817b xxu||||| |||| 00| 0 eng d
020 _a9781464161711
041 _aeng
080 _a51
100 _a36
101 _aMAT
245 _aMAT 113
_cCRAUDER,B
942 _2udc
_cBK
999 _c24022
_d24022